[Event "Koeln 73/601"]
[Site "?"]
[Date "1998.??.??"]
[Round "?"]
[White "Kramnik, Vladimir"]
[Black "Adams, Michael"]
[Result "1-0"]
[WhiteElo "2780"]
[BlackElo "2715"]
[PlyCount "101"]
[EventDate "1998.??.??"]
[Source "ChessBase"]
[SourceDate "1998.06.01"]

1. d4 Nf6 2. c4 e6 3. Nc3 Bb4 4. Qc2 O-O 5. e4 d5 6. e5 Ne4 7. Bd3 c5 8. cxd5 exd5 9. Nge2 cxd4 10. Nxd4 Nd7 11. f4 Qh4+ 12. g3 Qh3 13. Bf1 Qh5 14. Bg2 Nb6 15. O-O Bxc3 16. bxc3 Bh3 17. f5 Bxg2 18. Qxg2 Nc4 19. g4 Qh4 20. f6 Nxe5 21. fxg7 Rfe8 22. Nf5 Qd8 23. Be3 Re6 24. g5 Rc8 25. Nh6+ Rxh6 26. gxh6 Rc6 27. Kh1 Rg6 28. Qh3 Ng4 29. Qf3 Qc7 30. Bg1 Ne5 31. Qh3 Qc6 32. Bd4 Ng3+ 33. hxg3 Rxh6 34. Qxh6 Qxh6+ 35. Kg2 f6 36. Rf4 Kxg7 37. Raf1 Qg6 38. Rf5 a6 39. R1f4 Qe8 40. Rxf6 Kg8 41. Rf8+ Qxf8 42. Rxf8+ Kxf8 43. Bxe5 Ke7 44. Kf3 Ke6 45. Kf4 b5 46. a3 a5 47. Bd4 a4 48. Kg5 Kf7 49. Kh6 Kg8 50. g4 Kf7 51. Kxh7 1-0

[Event "II Open Rapid"]
[Site "Canada de Calatrava SPA"]
[Date "2007.04.08"]
[Round "7"]
[White "Shirov, A."]
[Black "Gelfand, B."]
[Result "1/2-1/2"]
[WhiteElo "2715"]
[BlackElo "2733"]
[PlyCount "63"]
[EventDate "2007.04.06"]
[Source "www.chesslib.no"]
[SourceDate "2004.05.04"]

1. d4 Nf6 2. c4 e6 3. Nc3 Bb4 4. Qc2 O-O 5. a3 Bxc3+ 6. Qxc3 b6 7. Bg5 Ba6 8. Qf3 Nc6 9. e3 h6 10. Bxf6 Qxf6 11. Qxf6 gxf6 12. Nf3 Ne7 13. Be2 Bb7 14. b4 d6 15. O-O Rac8 16. Rfd1 Rfd8 17. Rd2 c5 18. dxc5 dxc5 19. Rad1 Rxd2 20. Rxd2 Bxf3 21. gxf3 cxb4 22. axb4 Nc6 23. b5 Ne5 24. f4 Nxc4 25. Rd7 Rc5 26. Rxa7 Nd6 27. Ra6 Nxb5 28. Rxb6 Nc3 29. Bf3 Kg7 30. Kg2 Nd5 31. Rb7 f5 32. Bxd5 1/2-1/2

[Event "Frankfurt-West Masters"]
[Site "Frankfurt"]
[Date "1999.06.29"]
[Round "1"]
[White "Topalov, Veselin"]
[Black "Adams, Michael"]
[Result "1/2-1/2"]
[WhiteElo "2700"]
[BlackElo "2716"]
[PlyCount "102"]
[EventDate "1999.06.29"]
[Source "ChessBase"]
[SourceDate "1999.10.01"]

1. Nf3 Nf6 2. c4 e6 3. Nc3 Bb4 4. Qc2 O-O 5. a3 Bxc3 6. Qxc3 b6 7. d4 Bb7 8. e3 d6 9. b4 a5 10. Bb2 Nbd7 11. Be2 Ne4 12. Qb3 axb4 13. axb4 Rxa1+ 14. Bxa1 Ng5 15. d5 Nxf3+ 16. Bxf3 e5 17. e4 Qg5 18. O-O Ra8 19. g3 Bc8 20. h4 Qg6 21. Re1 h6 22. Bb2 f5 23. exf5 Qxf5 24. Be4 Qg4 25. Bf3 Qf5 26. Be4 Qg4 27. Bg2 Nf6 28. c5 Kh7 29. cxd6 cxd6 30. b5 Bf5 31. Ba3 Ne8 32. Bb4 Rc8 33. Bd2 Qc4 34. Qxc4 Rxc4 35. f4 e4 36. g4 Bxg4 37. Rxe4 Rxe4 38. Bxe4+ Kg8 39. Be3 Nf6 40. Bg2 Nd7 41. Kf2 Kf7 42. Bd4 Bf5 43. Ke3 h5 44. Bf3 g6 45. Bg2 Ke7 46. Bf3 Kd8 47. Bg2 Kc7 48. Bf3 Nc5 49. Bg2 Nd3 50. Bc3 Nc5 51. Bd4 Nd7 1/2-1/2

[Event "Corr"]
[Site "?"]
[Date "2002.01.15"]
[Round "?"]
[White "Oosterom Joop J.van (NED)"]
[Black "Elwert Hans-Marcus (GER)"]
[Result "1/2-1/2"]
[WhiteElo "2714"]
[BlackElo "2687"]
[PlyCount "105"]
[EventDate "2002.??.??"]
[Source "www.chesslib.no"]
[SourceDate "2004.05.04"]

1. d4 Nf6 2. c4 e6 3. Nc3 Bb4 4. Qc2 O-O 5. a3 Bxc3+ 6. Qxc3 b6 7. Bg5 Bb7 8. e3 d6 9. f3 Nbd7 10. Bd3 c5 11. Ne2 Rc8 12. b4 h6 13. Bh4 d5 14. bxc5 dxc4 15. Qxc4 bxc5 16. O-O cxd4 17. Qxd4 e5 18. Qb2 Rb8 19. Qc2 Rc8 20. Qd1 e4 21. Bxe4 Bxe4 22. fxe4 Qe8 23. Qd4 Qxe4 24. Bxf6 Nxf6 25. Qxa7 Rc2 26. Rf2 Ng4 27. Ng3 Qe5 28. Rxc2 Qxa1+ 29. Nf1 Nxh2 30. Kxh2 Qxf1 31. Qe7 Qb5 32. Rc5 Qe8 33. Qxe8 Rxe8 34. Rc3 Re4 35. Kg3 Ra4 36. Kf3 f5 37. Rc5 g6 38. Rc7 Rxa3 39. Kf4 Ra5 40. Rc8+ Kf7 41. Rc7+ Kf8 42. Rh7 g5+ 43. Kf3 Ra6 44. g4 Rf6 45. gxf5 Kg8 46. Ra7 Rxf5+ 47. Kg4 Rf7 48. Ra6 Kg7 49. Kh5 Rf6 50. Ra7+ Rf7 51. Ra6 Rf6 52. Ra7+ Rf7 53. Ra6 1/2-1/2